Romania Counties Quiz - Statistics

General Stats
  • This quiz has been taken 10 times
  • The average score is 31 of 42
Answer Stats
Answer % Correct
Botoșani
90%
Constanța
90%
Iași
90%
Timiș
90%
Alba
80%
Arad
80%
Argeș
80%
Bacău
80%
Bihor
80%
Brăila
80%
Brașov
80%
București
80%
Buzău
80%
Cluj
80%
Covasna
80%
Galați
80%
Giurgiu
80%
Harghita
80%
Ialomița
80%
Ilfov
80%
Maramureș
80%
Mureș
80%
Olt
80%
Suceava
80%
Tulcea
80%
Vrancea
80%
Bistrița
70%
Caraș Severin
70%
Dolj
70%
Gorj
70%
Prahova
70%
Satu Mare
70%
Sibiu
70%
Valcea
70%
Călărași
60%
Dambovița
60%
Hunedoara
60%
Mehedinți
60%
Sălaj
60%
Teleorman
60%
Neamț
50%
Vaslui
50%
No matching quizzes found
Score Distribution
Percent of People with Each Score
Percentile by Number Answered
Your Score History
You have not taken this quiz